000 00463nam a2200169 4500
001 VA7495
003 ES-SlBCS
005 20210601154723.0
008 140520s1952 xxu||||| |||| 00| 0 spa d
041 _aspa
100 1 _aTuya, Manuel de
_92701
245 1 0 _aVisión teológica de la actualidad mundial
_cManuel de Tuya
260 _aMadrid :
_bStudium
_c, 1952
300 _a249 p.;
_c19 cm
650 _aMundo Actual-Problemas Religiosos
_9373051
942 _cBK
999 _c808593
_d808593